General Zoology: Laboratory Guide (Record no. 6127)

MARC details
000 -LEADER
fixed length control field 00556nam a22002057a 4500
003 - CONTROL NUMBER IDENTIFIER
control field OSt
005 - DATE AND TIME OF LATEST TRANSACTION
control field 20180830133224.0
008 - FIXED-LENGTH DATA ELEMENTS--GENERAL INFORMATION
fixed length control field 180830b xxu||||| |||| 00| 0 eng d
020 ## - INTERNATIONAL STANDARD BOOK NUMBER
International Standard Book Number 9780073051628
040 ## - CATALOGING SOURCE
Transcribing agency DDC
082 ## - DEWEY DECIMAL CLASSIFICATION NUMBER
Classification number 590LYT 2009
100 ## - MAIN ENTRY--PERSONAL NAME
Personal name Lytle,F.Charles;Meyers,R.John;
9 (RLIN) 12664
245 ## - TITLE STATEMENT
Title General Zoology: Laboratory Guide
250 ## - EDITION STATEMENT
Edition statement 15th ed
260 ## - PUBLICATION, DISTRIBUTION, ETC. (IMPRINT)
Place of publication, distribution, etc. Boston,
Name of publisher, distributor, etc. MC Graw Hill higher Education.
Date of publication, distribution, etc. 2009.
300 ## - PHYSICAL DESCRIPTION
Extent xxiv,376p;
Other physical details col,ill;
Dimensions 27cm.
504 ## - BIBLIOGRAPHY, ETC. NOTE
Bibliography, etc includes index.
650 ## - SUBJECT ADDED ENTRY--TOPICAL TERM
Topical term or geographic name as entry element Zoology.
9 (RLIN) 8070
942 ## - ADDED ENTRY ELEMENTS (KOHA)
Source of classification or shelving scheme Dewey Decimal Classification
Koha item type Open Shelf
Holdings
Withdrawn status Lost status Source of classification or shelving scheme Damaged status Not for loan Home library Current library Date acquired Source of acquisition Inventory number Total Checkouts Full call number Barcode Date last seen Price effective from Koha item type Date last checked out
    Dewey Decimal Classification     MUST Main Library MUST Main Library 30/08/2018   13/36997   590LYT 2009 2018-0308 30/08/2018 30/08/2018 Open Shelf  
    Dewey Decimal Classification     MUST Main Library MUST Main Library 30/08/2018   13/36996 1 590LYT 2009 2018-0309 01/02/2022   Open Shelf 27/01/2022